Top 30 : Dave - Statistiques

Statistiques générales
  • Ce quiz a été pris 22 fois
  • Le résultat moyen est 10 sur 30
Statistiques - réponses
Top Titres Featuring % Correct
2 Location Burna Boy
80%
1 Sprinter Central Cee
80%
18 Meridian Tiakola
67%
4 Clash Stormzy
60%
3 Starlight
53%
13 Trojan Horse Central Cee
47%
23 Psycho
40%
5 Thiago Silva AJ Tracey
40%
30 Both Sides Of A Smile James Blake
33%
6 Funky Friday Fredo
33%
29 How I Met My Ex
33%
8 Professor X
33%
7 Screwface Capital
33%
9 UK Rap Central Cee
33%
21 CRG Central Cee
27%
22 Law Of Attraction Snoh Aalegra
27%
10 No Words MoStack
27%
16 Samantha J Hus
27%
20 System Wizkid
27%
15 Titanium
27%
25 Hangman
20%
14 Streatham
20%
28 Twenty To One
20%
12 Verdansk
20%
17 Wanna Know Remix Drake
20%
24 Cheat On Me Burna Boy
13%
19 Disaster J Hus
13%
26 Incredible Sauce Giggs
13%
27 Money Talks Fredo
13%
11 Nothing On You Ed Sheeran, Paulo Londra
7%
Aucun quiz correspondant
Distribution des résultats
% des personnes avec chaque résultat
Percentile par nombre de réponses
Votre historique - résultats
Vous n’avez pas pris ce quiz